| 000 | 00451nam a22001697a 4500 | ||
|---|---|---|---|
| 005 | 20180727151628.0 | ||
| 008 | 160514b xxu||||| |||| 00| 0 eng d | ||
| 020 | _a978-81-317-2764-5 | ||
| 041 | _aeng | ||
| 082 |
_b2436 _a658.3 |
||
| 100 |
_a Robbins, Stephen P. and Timothy A Judge /Seema Sanghi _94648 |
||
| 245 | _aEssentials of Organizational Behaviour | ||
| 260 |
_bPearsons _c2010 |
||
| 300 | _a312p, | ||
| 650 |
_aManagement _9241 |
||
| 942 | _cBK | ||
| 999 |
_c867 _d867 |
||